LEADER 01069nam0 2200265 450 001 000027084 005 20100218150753.0 010 $a978-88-324-7355-1 100 $a20100218d2009----km-y0itay50------ba 101 0 $aita 102 $aIT 105 $ay-------001yy 200 1 $aCantieri$ecome fare per essere in regola con gli adempimenti in materia di sicurezza$fFabio Fortunati, Anna Ranzoni 210 $aMilano$cIl Sole 24 Ore$dc2009 215 $a119 p.$d24 cm$eCd-Rom 500 10$aCantieri : come fare per essere in regola con gli adempimenti in materia di sicurezza$942236 610 1 $aCantieri edili$aNorme di sicurezza 676 $a344.450465$v20$9Diritto in materia di tutela ambientale. Igiene e sicurezza del lavoro. Italia 700 1$aFortunati,$bFabio$0504794 701 1$aRanzoni,$bAnna$0509964 801 0$aIT$bUNIPARTHENOPE$c20100218$gRICA$2UNIMARC 912 $a000027084 951 $a344-C/8$b42056$cNAVA1$d2010 996 $aCantieri : come fare per essere in regola con gli adempimenti in materia di sicurezza$942236 997 $aUNIPARTHENOPE